[Event "Vellmar op-A 5th"]
[Site "Vellmar"]
[Date "2013.07.28"]
[Round "6"]
[White "Wesslen, Ulf"]
[Black "Lechnauer, Uwe"]
[Result "0-1"]
[WhiteElo "2050"]
[BlackElo "1883"]
[PlyCount "116"]
[EventDate "2013.07.25"]
[EventType "swiss"]
[EventRounds "7"]
[EventCountry "GER"]
[SourceTitle "EXT 2015"]
[Source "ChessBase"]
[SourceDate "2014.11.20"]
[SourceVersion "1"]
[SourceVersionDate "2014.11.20"]
[SourceQuality "1"]

1. e4 e5 2. Nf3 Nc6 3. Bb5 Nf6 4. 0-0 Bd6 5. Re1 0-0 6. d4 Re8 7. Bxc6 bxc6 8. Nbd2 c5 9. c3 Bb7 10. Qc2 Nh5 11. Nc4 cxd4 12. Nxd6 cxd6 13. cxd4 exd4 14. Bg5 Qb6 15. Rad1 Rac8 16. Qb1 Rc5 17. b4 Rb5 18. Bd2 Nf6 19. a4 Rh5 20. a5 Qd8 21. Bg5 h6 22. Bxf6 Qxf6 23. Rxd4 Rg5 24. Kh1 Rg6 25. b5 Qd8 26. Qb4 Ree6 27. h3 Rgf6 28. Qd2 Qe7 29. e5 Rxf3 30. gxf3 Bxf3+ 31. Kh2 Rxe5 32. Rxe5 Qxe5+ 33. Qf4 Qc5 34. Qxd6 Qxb5 35. Qf4 Bc6 36. Qd2 Qb8+ 37. f4 Qb1 38. Rb4 Qh1+ 39. Kg3 Qg1+ 40. Kh4 Qc5 41. a6 f6 42. Qd4 Qf5 43. Qe3 Qa5 44. Rb8+ Kh7 45. Qd3+ g6 46. Re8 Qc5 47. Qf1 Qc3 48. Qf2 g5+ 49. Kg4 h5+ 50. Kf5 Qd3+ 51. Kxf6 Qd6+ 52. Kxg5 Qg6+ 53. Kh4 Qxe8 54. Qxa7 Qe1+ 55. Kxh5 Bf3+ 56. Kg5 Qe7+ 57. Kf5 Qf7+ 58. Ke5 d6+ 0-1

[Event "Vellmar op-A 4th"]
[Site "Vellmar"]
[Date "2012.07.29"]
[Round "6"]
[White "Lechnauer, Uwe"]
[Black "Schirra, Maurice"]
[Result "1-0"]
[WhiteElo "1939"]
[BlackElo "1617"]
[PlyCount "85"]
[EventDate "2012.07.26"]
[EventType "swiss"]
[EventRounds "7"]
[EventCountry "GER"]
[SourceTitle "EXT 2014"]
[Source "ChessBase"]
[SourceDate "2013.11.20"]
[SourceVersion "1"]
[SourceVersionDate "2013.11.20"]
[SourceQuality "1"]

1. e4 e5 2. Nf3 Nf6 3. Bc4 Nxe4 4. Nc3 Nf6 5. Nxe5 d5 6. Bb3 c6 7. 0-0 Be7 8. d4 0-0 9. Bg5 Nbd7 10. f4 h6 11. Bh4 Re8 12. Qf3 a5 13. a4 Nb6 14. Ne2 Ne4 15. Be1 Rf8 16. Ng3 Nxg3 17. Bxg3 Bh4 18. c3 Bxg3 19. hxg3 Qf6 20. Bc2 Bf5 21. Bxf5 Qxf5 22. g4 Qf6 23. Qh3 Rad8 24. g5 hxg5 25. fxg5 Qxg5 26. Rf5 Qe7 27. Rh5 g6 28. Rh8+ Kg7 29. Qh7+ Kf6 30. Ng4+ Kf5 31. Rf1+ Ke6 32. Re1+ Kd7 33. Rxe7+ Kxe7 34. Rxf8 Rxf8 35. Ne5 Ke8 36. b3 Nc8 37. Qh3 Nb6 38. b4 axb4 39. cxb4 Ke7 40. a5 Nc8 41. Qd7+ Kf6 42. Qxb7 Kf5 43. Qxc6 1-0

[Event "Vellmar op-A 4th"]
[Site "Vellmar"]
[Date "2012.07.28"]
[Round "4"]
[White "Haselhorst, Helmut"]
[Black "Lechnauer, Uwe"]
[Result "1-0"]
[WhiteElo "2089"]
[BlackElo "1939"]
[PlyCount "45"]
[EventDate "2012.07.26"]
[EventType "swiss"]
[EventRounds "7"]
[EventCountry "GER"]
[SourceTitle "EXT 2014"]
[Source "ChessBase"]
[SourceDate "2013.11.20"]
[SourceVersion "1"]
[SourceVersionDate "2013.11.20"]
[SourceQuality "1"]

1. d4 d5 2. Nf3 e6 3. g3 f5 4. Bg2 Nf6 5. 0-0 Bd6 6. Nbd2 Ne4 7. Ne5 Nd7 8. Nd3 Ndf6 9. Nf3 c5 10. dxc5 Nxc5 11. Nxc5 Bxc5 12. c4 0-0 13. cxd5 Qb6 14. Ne5 Ne4 15. Nd3 exd5 16. Nxc5 Qxc5 17. Be3 Qc6 18. Rc1 Qe6 19. Rc7 Rd8 20. Qd4 Rd7 21. Rfc1 Rxc7 22. Rxc7 b6 23. Qxg7# 1-0

[Event "Pfalz op 03rd"]
[Site "Neustadt an der Weinstrasse"]
[Date "2012.03.03"]
[Round "9"]
[White "Kneis, Harald"]
[Black "Lechnauer, Uwe"]
[Result "0-1"]
[WhiteElo "1874"]
[BlackElo "1932"]
[PlyCount "112"]
[EventDate "2012.02.17"]
[EventType "swiss"]
[EventRounds "9"]
[EventCountry "GER"]
[SourceTitle "EXT 2013"]
[Source "ChessBase"]
[SourceDate "2012.11.22"]
[SourceVersion "1"]
[SourceVersionDate "2012.11.22"]
[SourceQuality "1"]

1. e4 e5 2. Bc4 Nc6 3. Nf3 Bc5 4. d3 Nf6 5. c3 0-0 6. Nbd2 d6 7. b4 Bb6 8. a4 a6 9. Nf1 Ne7 10. Ng3 Ng6 11. Bg5 h6 12. Be3 Bxe3 13. fxe3 Bg4 14. 0-0 Nh4 15. h3 Nxf3+ 16. gxf3 Bxh3 17. f4 Bxf1 18. Qxf1 exf4 19. exf4 Ng4 20. Nf5 Qf6 21. Qg2 h5 22. Qh3 g6 23. Ra2 Qxc3 24. Ne7+ Kh7 25. f5 Qf6 26. Nd5 Qg5 27. Qg3 c6 28. Nf4 d5 29. exd5 cxd5 30. Bxd5 Rac8 31. Bc4 Rfe8 32. Ne2 Qe3+ 33. Qxe3 Nxe3 34. Ng3 Nxc4 35. dxc4 gxf5 36. Nxf5 Re1+ 37. Kf2 Rb1 38. b5 axb5 39. cxb5 Rg8 40. Nd6 Rbg1 41. Re2 R1g2+ 42. Kf1 Rxe2 43. Kxe2 Rg2+ 44. Kf3 Ra2 45. Nxb7 Rxa4 46. Nd6 Rb4 47. Nxf7 Rxb5 48. Kg3 Kg6 49. Nd6 Rb4 50. Kh3 Kf6 51. Kg3 Ke6 52. Ne8 Ke7 53. Nc7 Kd6 54. Ne8+ Ke5 55. Kh3 Rb7 56. Kh4 Re7 0-1